<?xml version="1.0" encoding="UTF-8"?>
<record
    xmlns:xsi="http://www.w3.org/2001/XMLSchema-instance"
    xsi:schemaLocation="http://www.loc.gov/MARC21/slim http://www.loc.gov/standards/marcxml/schema/MARC21slim.xsd"
    xmlns="http://www.loc.gov/MARC21/slim">

  <leader>03196nam a2200553Ia 4500</leader>
  <controlfield tag="001">4780</controlfield>
  <controlfield tag="008">241029s9999    xx            000 0 und d</controlfield>
  <datafield tag="010" ind1=" " ind2=" ">
    <subfield code="a">4519</subfield>
  </datafield>
  <datafield tag="041" ind1=" " ind2=" ">
    <subfield code="a">Espa&#xF1;ol</subfield>
  </datafield>
  <datafield tag="082" ind1=" " ind2=" ">
    <subfield code="a">INTEC CYH-0185      </subfield>
  </datafield>
  <datafield tag="245" ind1=" " ind2="0">
    <subfield code="a">Valores morales presentes en el curr&#xED;culo oficial del &#xE1;rea de Matem&#xE1;tica de 8vo. Grado y en el respectivo libro de texto de esta &#xE1;rea, como eje transversal de Educaci&#xF3;n en Valore, en el Centro Educativo Marillac Santo Domingo, 2013</subfield>
  </datafield>
  <datafield tag="260" ind1=" " ind2=" ">
    <subfield code="a">Santo Domingo</subfield>
  </datafield>
  <datafield tag="300" ind1=" " ind2=" ">
    <subfield code="a">95</subfield>
  </datafield>
  <datafield tag="520" ind1=" " ind2=" ">
    <subfield code="a">29</subfield>
  </datafield>
  <datafield tag="630" ind1=" " ind2=" ">
    <subfield code="a">Actores Educativos</subfield>
  </datafield>
  <datafield tag="630" ind1=" " ind2=" ">
    <subfield code="a">Centros Educativos</subfield>
  </datafield>
  <datafield tag="630" ind1=" " ind2=" ">
    <subfield code="a">Educaci&#xF3;n en Valores</subfield>
  </datafield>
  <datafield tag="630" ind1=" " ind2=" ">
    <subfield code="a">Estrategia Docente</subfield>
  </datafield>
  <datafield tag="650" ind1=" " ind2=" ">
    <subfield code="a">Educaci&#xF3;n en Valores</subfield>
  </datafield>
  <datafield tag="690" ind1=" " ind2=" ">
    <subfield code="a">Sintetizado</subfield>
  </datafield>
  <datafield tag="700" ind1=" " ind2=" ">
    <subfield code="e">asesor</subfield>
    <subfield code="a">Florentino, Basilio </subfield>
  </datafield>
  <datafield tag="700" ind1=" " ind2=" ">
    <subfield code="e">autor</subfield>
    <subfield code="a"> Polanco , Germania</subfield>
  </datafield>
  <datafield tag="901" ind1=" " ind2=" ">
    <subfield code="a">{"1":" Polanco "}</subfield>
    <subfield code="b">{"1":"Germania"}</subfield>
  </datafield>
  <datafield tag="902" ind1=" " ind2=" ">
    <subfield code="a">1</subfield>
  </datafield>
  <datafield tag="903" ind1=" " ind2=" ">
    <subfield code="a">{"1":"Florentino"}</subfield>
    <subfield code="b">{"1":"Basilio "}</subfield>
  </datafield>
  <datafield tag="904" ind1=" " ind2=" ">
    <subfield code="a">Maestr&#xED;a en</subfield>
  </datafield>
  <datafield tag="905" ind1=" " ind2=" ">
    <subfield code="a">Educaci&#xF3;n</subfield>
  </datafield>
  <datafield tag="906" ind1=" " ind2=" ">
    <subfield code="a">2</subfield>
  </datafield>
  <datafield tag="907" ind1=" " ind2=" ">
    <subfield code="a">NO APLICA</subfield>
  </datafield>
  <datafield tag="908" ind1=" " ind2=" ">
    <subfield code="a">NO APLICA</subfield>
  </datafield>
  <datafield tag="909" ind1=" " ind2=" ">
    <subfield code="a">Instituto Tecnol&#xF3;gico de Santo Domingo (INTEC)</subfield>
  </datafield>
  <datafield tag="910" ind1=" " ind2=" ">
    <subfield code="a">NULL</subfield>
    <subfield code="b">NULL</subfield>
  </datafield>
  <datafield tag="911" ind1=" " ind2=" ">
    <subfield code="a">["1"]</subfield>
  </datafield>
  <datafield tag="912" ind1=" " ind2=" ">
    <subfield code="a">NO APLICA</subfield>
  </datafield>
  <datafield tag="913" ind1=" " ind2=" ">
    <subfield code="a">NULL</subfield>
  </datafield>
  <datafield tag="914" ind1=" " ind2=" ">
    <subfield code="a">01 de Diciembre de 2013</subfield>
  </datafield>
  <datafield tag="915" ind1=" " ind2=" ">
    <subfield code="a">25/07/15 11:07</subfield>
  </datafield>
  <datafield tag="916" ind1=" " ind2=" ">
    <subfield code="a">NULL</subfield>
  </datafield>
  <datafield tag="917" ind1=" " ind2=" ">
    <subfield code="a">NULL</subfield>
  </datafield>
  <datafield tag="918" ind1=" " ind2=" ">
    <subfield code="a">NO APLICA</subfield>
  </datafield>
  <datafield tag="919" ind1=" " ind2=" ">
    <subfield code="a">["7","33","75","94"]</subfield>
  </datafield>
  <datafield tag="520" ind1=" " ind2=" ">
    <subfield code="a">El prop&#xF3;sito general de esta investigaci&#xF3;n, consisti&#xF3; en diagnosticar los valores molares y las estrategias por su ense&#xF1;anza, que est&#xE1;n presentes como eje transversal en el Curr&#xED;culo de Matem&#xE1;tica de 8vo. Grado y en el correspondiente libro de texto oficial, que posibilitar&#xE1;n una educaci&#xF3;n en valores, a trav&#xE9;s de la ense&#xF1;anza de Matem&#xE1;tica, en el Centro Educativo Marillac, de la Ciudad de Santo Domingo.Para el logro del prop&#xF3;sito se emple&#xF3; la t&#xE9;cnica de an&#xE1;lisis de contenido, aplicado a los referidos documentos, para diagnosticar las palabras, frases y/o expresiones que guardaron similitud o relaci&#xF3;n con los valores estudiados, convirti&#xE9;ndose as&#xED; en unidades indicadoras de an&#xE1;lisis en este estudio.&#xA0;&#xA0;&#xA0; Los principales resultados de la investigaci&#xF3;n, indican que la presencia de palabra, frases o expresiones que guardan similitud o relaci&#xF3;n con los valores morales estudiados en el Curr&#xED;culo de Matem&#xE1;tica de 8vo. Grado, es muy baja solo los valores di&#xE1;logo y libertad, muestran una evidencia de presencia, aunque muy concentrada en los prop&#xF3;sitos de los contenidos y estrategias, pero no en evaluaci&#xF3;n, a diferencia del curr&#xED;culo en el libro de texto, donde todos los valores est&#xE1;n presentes, pero el 97.1%, se concentra en los prop&#xF3;sitos, contenidos y estrategas, quedando apenas un 2.9%, en las actividades de evaluaci&#xF3;n.  Estos resultados indican, que los valores tienen alguna presencia, pero solo en las actividades de evaluaci&#xF3;n.&#xA0; En ninguno de los documentos analizados se observ&#xF3; una intenci&#xF3;n manifiesta de actividades para la ense&#xF1;anza moral, como eje transversal de Educaci&#xF3;n en Valores.</subfield>
  </datafield>
  <datafield tag="921" ind1=" " ind2=" ">
    <subfield code="a">12</subfield>
  </datafield>
  <datafield tag="922" ind1=" " ind2=" ">
    <subfield code="a">12</subfield>
  </datafield>
  <datafield tag="923" ind1=" " ind2=" ">
    <subfield code="a">0</subfield>
  </datafield>
  <datafield tag="924" ind1=" " ind2=" ">
    <subfield code="a">NO APLICA</subfield>
  </datafield>
  <datafield tag="942" ind1=" " ind2=" ">
    <subfield code="c">Tesis</subfield>
  </datafield>
  <datafield tag="999" ind1=" " ind2=" ">
    <subfield code="c">4519</subfield>
    <subfield code="d">4519</subfield>
  </datafield>
</record>
